| 000 | 00456nam a2200181Ia 4500 | ||
|---|---|---|---|
| 008 | 240925s9999 xx 000 0 und d | ||
| 020 | _aNA | ||
| 082 | _a604.2 PAR | ||
| 100 | _aParkinson, A. C. | ||
| 245 | 2 | _aA First Year Engineering Drawing | |
| 250 | _a4th | ||
| 260 |
_aLondon: _bSir Isaac Pitman _c,1997. |
||
| 300 |
_ax,532p. _bNA _fPirated |
||
| 500 | _aIncludes Index | ||
| 600 | _aElectrical Engineering | ||
| 650 | _aTechnology | ||
| 942 | _cBK | ||
| 999 |
_c3630 _d3630 |
||